000 02308cam a22005174i 4500
003 PE-LiUPU
005 20250731173459.0
008 150617s1989 miu rb 000 0 eng d
020 _a0801038324
035 _a(Sirsi) i9780801038327
040 _aPE-LiUPU
_bspa
_cPE-LiUPU
_erda
049 _aPRUA
082 0 4 _a261.7
_bG34
_221
100 1 _aGeisler, Norman L,
_eautor.
245 1 0 _aChristian Ethics /
_cNorman L. Geisler.
264 1 _aMichigan :
_bBaker Book House,
_c[1989]
300 _a335 páginas ;
_c23 centímetros
336 _atext
_2rdacontent
337 _aunmediated
_2rdamedia
338 _avolume
_2rdacarrier
504 _aIncluye bibliografía.
505 0 _aAll the options -- Antinomianism -- Situationism -- Generalism -- Unqualified absolutism -- Conflicting absolutism -- Graded absolutism -- Abortion -- Euthanasia -- Biomedical issues -- Capital punishment -- War -- Civil disobedience -- Homosexuality -- Marriage and divorce -- Ecology.
526 _aSEG42
526 _aSEG41
526 _aSEG40
526 _aSEG39
526 _aP94
526 _aP87
526 _aP86
526 _aP85
526 _aP77
526 _aP76
526 _aP35
650 0 4 _aEtica cristiana.
_91047
910 _ajck
_bjvq
_cjck
_d20150616
942 _2ddc
_cBOOK
949 _a241 G34 1996
_wDEWEY
_c1
_i42341
_lCCODEBUL1
_mBUL
_r0
_sY
_tBOOK
_u2015-6-16
_xTEOLOGIA
_zUNKNOWN
_0COMPRA
_o.STAFF. Colección General
949 _a241 G34
_wDEWEY
_c1
_i40242
_lCCODEBUL1
_mBUL
_r0
_sY
_tBOOK
_u2015-6-16
_xTEOLOGIA
_zUNKNOWN
_0COMPRA
_o.STAFF. Colección General
949 _a261.7 G34
_wDEWEY
_c1
_i10842
_lCCODEBUL1
_mBUL
_r0
_sY
_tBOOK
_u2015-6-17
_xTEOLOGIA
_PP35
_0COMPRA
_o.STAFF. Colección General
994 _aC0
_bPEPRU
596 _a1
999 _a241 G34
_wDEWEY
_c58041
_i40242
_f2021-11-10
_g5
_lCCODEBUL1
_mBUL
_p17.61
_r0
_sY
_tBOOK
_u2015-6-16
_xTEOLOGIA
_PP35
_0COMPRA
_o.STAFF. Colección Teología
_d58041
999 _a241 G34 1996
_wDEWEY
_c1
_i42341
_f2021-11-10
_g5
_lCCODEBUL1
_mBUL
_p17.61
_r0
_sY
_tBOOK
_u2015-6-16
_xTEOLOGIA
_PP35
_0COMPRA
_o.STAFF. Colección Teología
999 _a261.7 G34
_wDEWEY
_c1
_i10842
_f2021-11-10
_g5
_lCCODEBUL1
_mBUL
_p17.61
_r0
_sY
_tBOOK
_u2015-6-17
_xTEOLOGIA
_PP35
_0COMPRA
_o.STAFF. Colección Teología
980 _81
_gALBERTO SANCHEZ Responsable de Automatización